Flags of Countries in Euro 1992 - Statistics

General Stats
  • This quiz has been taken 36 times
  • The average score is 7 of 8
Answer Stats
Picture Answer % Correct
Denmark
100%
Sweden
100%
England
96%
Germany
96%
Scotland
96%
France
88%
Netherlands
88%
Commonwealth of Independent States
25%
No matching quizzes found
Score Distribution
Percent of People with Each Score
Percentile by Number Answered
Your Score History
You have not taken this quiz